| 000 | 00713nam a2200217 i 4500 | ||
|---|---|---|---|
| 001 | 9645 | ||
| 003 | ES-MaACL | ||
| 005 | 20250811072027.0 | ||
| 007 | t| | ||
| 008 | 931118s1990 sp a |||| | spa d | ||
| 020 | _a84-7433-678-3 | ||
| 080 | _a91(46:234 Gredos) | ||
| 245 | 0 | 0 |
_aGredos _b: la sierra y su entorno / _c[Teresa Arenillas... et al.]. |
| 260 |
_aMadrid : _bMinisterio de Obras Públicas y Urbanismo, _c1990. |
||
| 300 |
_a232 p. : _bil. ; _c26 cm. |
||
| 651 | 4 |
_aGredos (España, Sierra)- _xDescripción. _9167958 |
|
| 700 | 1 |
_aArenillas, Teresa. _922621 |
|
| 710 | 1 |
_aEspaña. _bMinisterio de Obras Públicas y Urbanismo _93917 |
|
| 852 |
_aES-MaACL _jL-17188 |
||
| 999 |
_c9645 _d9645 |
||